000 03256nam0a22004691 4500
001 rc\4370172
005 20130416142500.0
021 _aRU
_b[69-7443]
035 _a(NLR Aleph) 008540667
090 _a8344912
_c8344912
100 _a20130416d1968 |||y0rusy50 ca
101 1 _arus
_ceng
102 _aRU
105 _aa z |||||
200 1 _aГенетика
_fПеревод с англ. В.А. Гвоздева [и др.]
_gПод ред. и предисл. проф. Н.И. Шапиро
210 _aМосква
_cНаука
_d1968
215 _a697, [5] с., 11 л. ил.
_cил.
_d26
300 _aДоп. тит. л.: Irwin Herskowitz. Genetics
320 _aУказатели предм. и именной: с. 676-698
320 _aБиблиогр. в конце глав и в прил.
327 0 _aВ прил.: Часть письма Грегора Менделя Нэгели. Значение генетики для физиологии и медицины / Т. Морган. Образование мутаций / Г. Меллер. Молекулярная структура нуклеиновых кислот / М. Вилкинс. Биосинтез дезоксирибонуклеиновой кислоты / А. Корнберг. Гены и хим. реакции у нейроспоры / Д.В. Бидл. История одного биол. исследования / Э.Л. Татум. Обзор генетики / Д. Ледерберг. Роль РНК в синтезе белков / Д.Д. Уотсон. К вопросу о генет. коде / Ф. Крик. Генетика бактер. клетки / Ф. Жакоб
464 0 _12001#$aОбзор генетики
_1700#1$aЛедерберг$bД.
464 0 _12001#$aИстория одного биологического исследования
_1700#1$aТатум$bЭ.Л.
464 0 _12001#$aГены и химические реакции у нейроспоры
_1700#1$aБидл$bД.В.
464 0 _12001#$aГенетика бактериальной клетки
_1700#1$aЖакоб$bФ.
464 0 _12001#$aК вопросу о генетическом коде
_1700#1$aКрик$bФ.
464 0 _12001#$aРоль РНК в синтезе белков
_1700#1$aУотсон$bД.Д.
464 0 _12001#$aЧасть письма Грегора Менделя Нэгели
_1700#0$aГрегор Мендель Нэгели
464 0 _12001#$aЗначение генетики для физиологии и медицины
_1700#1$aМорган$bТ.
464 0 _12001#$aОбразование мутаций
_1700#1$aМеллер$bГ.
464 0 _12001#$aБиосинтез дезоксирибонуклеиновой кислоты
_1700#1$aКорнберг$bА.
464 0 _12001#$aМолекулярная структура нуклеиновых кислот
_1700#1$aВилкинс$bМ.
513 0 _aGenetics
606 _aГенетика
_2psbo
700 1 _aГершкович
_bИ.
_gИрвин
702 1 _aГвоздев
_bВ. А.
_4730
702 1 _aШапиро
_bН. И.
_4340
_4080
801 0 _aRU
_bNLR
_gpsbo
801 1 _aRU
_bELAR
_2rusmarc
852 _aNLR
_j69-7/551
942 _cBOOK
980 _aNB